[Event "22nd Abu Dhabi Int. Chess Festival  Masters Tourna"]
[Site "Abu Dhabi"]
[Date "2015.08.30"]
[Round "8"]
[Board "7"]
[White "Gopal, G.N."]
[Black "Jones, Gawain C B"]
[Result "1/2-1/2"]
[WhiteElo "2562"]
[BlackElo "2647"]
[PlyCount "0"]
[EventDate "2015.08.23"]
[EventRounds "9"]
[EventCountry "UAE"]

1. e4 {[%clk 1:30:33]} e5 {[%clk 1:29:45]} 2. Nf3 {[%clk 1:30:58]} Nc6
{[%clk 1:30:08]} 3. Bb5 {[%clk 1:31:24]} a6 {[%clk 1:30:29]} 4. Ba4
{[%clk 1:31:50]} Nf6 {[%clk 1:30:54]} 5. O-O {[%clk 1:32:16]} Bc5
{[%clk 1:31:09]} 6. c3 {[%clk 1:29:59]} b5 {[%clk 1:31:19]} 7. Bb3
{[%clk 1:29:48]} d6 {[%clk 1:31:15]} 8. d4 {[%clk 1:24:05]} Bb6 {[%clk 1:31:35]}
9. Be3 {[%clk 1:22:59]} O-O {[%clk 1:30:32]} 10. Nbd2 {[%clk 1:23:07]} h6
{[%clk 1:29:59]} 11. h3 {[%clk 1:22:56]} Re8 {[%clk 1:25:41]} 12. Re1
{[%clk 1:16:47]} exd4 {[%clk 1:24:12]} 13. cxd4 {[%clk 1:17:10]} Na5
{[%clk 1:24:31]} 14. Bc2 {[%clk 1:17:17]} Bb7 {[%clk 1:24:46]} 15. Qb1
{[%clk 1:09:04]} Nc4 {[%clk 1:23:58]} 16. Nxc4 {[%clk 1:08:01]} bxc4
{[%clk 1:24:21]} 17. d5 {[%clk 0:59:01]} c6 {[%clk 1:19:48]} 18. Ba4
{[%clk 0:56:43]} Rc8 {[%clk 1:15:26]} 19. Bxb6 {[%clk 0:55:38]} Qxb6
{[%clk 1:14:51]} 20. Qc2 {[%clk 0:56:01]} cxd5 {[%clk 1:04:31]} 21. Bxe8
{[%clk 0:49:31]} dxe4 {[%clk 1:04:30]} 22. Nd2 {[%clk 0:49:38]} Nxe8
{[%clk 1:03:32]} 23. Nxe4 {[%clk 0:48:47]} d5 {[%clk 0:59:05]} 24. Ng3
{[%clk 0:39:04]} g6 {[%clk 0:58:58]} 25. Rad1 {[%clk 0:35:42]} Ng7
{[%clk 0:53:51]} 26. Qd2 {[%clk 0:34:01]} h5 {[%clk 0:40:45]} 27. Ne2
{[%clk 0:33:49]} Ne6 {[%clk 0:40:25]} 28. Nf4 {[%clk 0:31:44]} Nc7
{[%clk 0:31:59]} 29. Re5 {[%clk 0:27:51]} Qd6 {[%clk 0:28:49]} 30. Rde1
{[%clk 0:25:53]} d4 {[%clk 0:26:43]} 31. h4 {[%clk 0:15:04]} Bc6 {[%clk 0:20:56]}
32. Re7 {[%clk 0:07:05]} Nd5 {[%clk 0:19:27]} 33. R7e4 {[%clk 0:05:04]} Nxf4
{[%clk 0:19:00]} 34. Qxf4 {[%clk 0:03:55]} Rd8 {[%clk 0:17:37]} 35. Qxd6
{[%clk 0:02:29]} Rxd6 {[%clk 0:18:05]} 36. R4e2 {[%clk 0:01:50]} Ba4
{[%clk 0:15:20]} 37. Rd2 {[%clk 0:01:46]} d3 {[%clk 0:15:29]} 38. Re4
{[%clk 0:01:18]} Rc6 {[%clk 0:15:36]} 39. f3 {[%clk 0:01:21]} Bc2
{[%clk 0:13:36]} 40. Kf2 {[%clk 0:00:59]} a5 {[%clk 0:11:47]} 41. Ke3
{[%clk 0:00:39]} c3 {[%clk 0:10:56]} 42. bxc3 {[%clk 0:01:05]} Rxc3
{[%clk 0:11:21]} 43. a4 {[%clk 0:01:08]} Ra3 {[%clk 0:11:33]} 44. Rd4
{[%clk 0:01:11]} Ra1 {[%clk 0:09:22]} 45. Kf4 {[%clk 0:01:00]} Kg7
{[%clk 0:08:54]} 46. g4 {[%clk 0:00:41]} Kf6 {[%clk 0:06:56]} 47. Re4
{[%clk 0:01:02]} Rb1 {[%clk 0:06:02]} 48. g5+ {[%clk 0:00:55]} Kg7
{[%clk 0:06:28]} 49. Ke3 {[%clk 0:01:07]} Ra1 {[%clk 0:06:39]} 50. Rd4
{[%clk 0:00:55]} Re1+ {[%clk 0:06:41]} 51. Kf2 {[%clk 0:01:06]} Ra1
{[%clk 0:07:03]} 52. Ke3 {[%clk 0:01:30]} Kf8 {[%clk 0:07:07]} 53. Re4
{[%clk 0:01:23]} Ra3 {[%clk 0:07:07]} 54. f4 {[%clk 0:00:37]} Ra1
{[%clk 0:07:12]} 55. f5 {[%clk 0:00:45]} gxf5 {[%clk 0:07:12]} 56. Rf4
{[%clk 0:01:03]} Re1+ {[%clk 0:07:16]} 57. Kd4 {[%clk 0:00:44]} Bxa4
{[%clk 0:04:15]} 58. Rxf5 {[%clk 0:00:35]} Bc2 {[%clk 0:04:36]} 59. Rdf2
{[%clk 0:00:33]} d2 {[%clk 0:03:11]} 60. Rxf7+ {[%clk 0:01:00]} Ke8
{[%clk 0:03:38]} 61. Rf8+ {[%clk 0:01:25]} Ke7 {[%clk 0:04:04]} 62. R8f7+
{[%clk 0:01:48]} Ke8 {[%clk 0:04:30]} 63. Rf8+ {[%clk 0:01:55]} Ke7
{[%clk 0:04:57]} 64. Ke4 1/2-1/2

[Event "22nd Abu Dhabi Int. Chess Festival  Masters Tourna"]
[Site "Abu Dhabi"]
[Date "2015.08.30"]
[Round "8"]
[Board "13"]
[White "Vaibhav, Suri"]
[Black "Onischuk, Vladimir"]
[Result "1/2-1/2"]
[WhiteElo "2552"]
[BlackElo "2618"]
[PlyCount "0"]
[EventDate "2015.08.23"]
[EventRounds "9"]
[EventCountry "UAE"]

1. e4 {[%clk 1:30:49]} d6 {[%clk 1:28:46]} 2. d4 {[%clk 1:31:07]} Nf6
{[%clk 1:28:57]} 3. Nc3 {[%clk 1:31:31]} g6 {[%clk 1:29:15]} 4. Be3
{[%clk 1:31:41]} c6 {[%clk 1:29:34]} 5. h3 {[%clk 1:31:23]} Nbd7 {[%clk 1:29:08]}
6. a4 {[%clk 1:30:30]} Qa5 {[%clk 1:28:03]} 7. Qd2 {[%clk 1:29:31]} Bg7
{[%clk 1:27:18]} 8. Nf3 {[%clk 1:29:46]} O-O {[%clk 1:24:54]} 9. Be2
{[%clk 1:26:08]} e5 {[%clk 1:23:14]} 10. O-O {[%clk 1:25:31]} exd4
{[%clk 1:15:24]} 11. Bxd4 {[%clk 1:24:58]} Ne5 {[%clk 1:08:38]} 12. Qe3
{[%clk 1:01:53]} Re8 {[%clk 1:01:56]} 13. Rab1 {[%clk 0:56:21]} Nfd7
{[%clk 0:31:44]} 14. Rfd1 {[%clk 0:50:19]} Qd8 {[%clk 0:27:41]} 15. Nxe5
{[%clk 0:30:39]} dxe5 {[%clk 0:28:04]} 16. Bc5 {[%clk 0:29:43]} Qh4
{[%clk 0:27:15]} 17. Bd6 {[%clk 0:26:51]} Nf8 {[%clk 0:23:15]} 18. Bc4
{[%clk 0:25:54]} Be6 {[%clk 0:17:57]} 19. Bxf8 {[%clk 0:18:34]} Bxf8
{[%clk 0:15:43]} 20. Bxe6 {[%clk 0:18:48]} Rxe6 {[%clk 0:16:05]} 21. Rd7
{[%clk 0:18:48]} b6 {[%clk 0:15:29]} 22. Qe2 {[%clk 0:16:10]} a5 {[%clk 0:08:22]}
23. Rbd1 {[%clk 0:13:50]} Rf6 {[%clk 0:06:27]} 24. R1d3 {[%clk 0:13:30]} Re8
{[%clk 0:05:29]} 25. Nd1 {[%clk 0:08:54]} Bc5 {[%clk 0:05:11]} 26. Kh2
{[%clk 0:08:16]} Bxf2 {[%clk 0:02:07]} 27. g3 {[%clk 0:06:47]} Qh5
{[%clk 0:02:25]} 28. Qxh5 {[%clk 0:05:46]} gxh5 {[%clk 0:02:53]} 29. Kg2
{[%clk 0:05:45]} Bc5 {[%clk 0:03:14]} 30. h4 {[%clk 0:05:51]} Ree6
{[%clk 0:02:31]} 31. b3 {[%clk 0:04:24]} Kf8 {[%clk 0:01:31]} 32. Rd8+
{[%clk 0:03:22]} Re8 {[%clk 0:01:42]} 33. R8d7 {[%clk 0:03:42]} Ree6
{[%clk 0:01:46]} 34. Rd2 {[%clk 0:02:52]} Rg6 {[%clk 0:01:26]} 35. Rd8+
{[%clk 0:01:53]} Kg7 {[%clk 0:01:33]} 36. R8d3 {[%clk 0:01:36]} Rg4
{[%clk 0:01:20]} 37. Re2 {[%clk 0:02:05]} Reg6 {[%clk 0:01:02]} 38. Kh3
{[%clk 0:02:21]} Rf6 {[%clk 0:00:51]} 39. Kg2 {[%clk 0:02:00]} Rff4
{[%clk 0:00:57]} 40. Nc3 {[%clk 0:01:07]} Bd4 {[%clk 0:01:17]} 41. Kh3
{[%clk 0:01:02]} Rf1 {[%clk 0:00:59]} 42. Nd1 {[%clk 0:01:18]} Rh1+
{[%clk 0:00:42]} 43. Kg2 {[%clk 0:01:46]} Rhxh4 {[%clk 0:00:54]} 44. c3
{[%clk 0:01:45]} Bc5 {[%clk 0:01:12]} 45. b4 {[%clk 0:00:53]} axb4
{[%clk 0:00:54]} 46. cxb4 {[%clk 0:01:22]} Bxb4 {[%clk 0:00:42]} 47. Ne3
{[%clk 0:01:31]} Rg5 {[%clk 0:00:49]} 48. Nf5+ {[%clk 0:00:50]} Rxf5
{[%clk 0:01:14]} 49. gxh4 {[%clk 0:00:50]} Rf4 {[%clk 0:01:37]} 50. Rg3+
{[%clk 0:01:09]} Kf8 {[%clk 0:01:04]} 51. Rg5 {[%clk 0:01:17]} f6
{[%clk 0:01:20]} 52. Rxh5 {[%clk 0:01:22]} Kg7 {[%clk 0:01:35]} 53. Rf5
{[%clk 0:01:48]} Rxh4 {[%clk 0:01:48]} 54. Kg3 {[%clk 0:00:46]} Rh1
{[%clk 0:01:22]} 55. Rc2 {[%clk 0:01:13]} c5 {[%clk 0:01:27]} 56. Kg2
{[%clk 0:01:38]} Ra1 {[%clk 0:01:25]} 57. Rcf2 {[%clk 0:01:45]} Be1
{[%clk 0:01:11]} 58. Rf1 {[%clk 0:02:10]} Ra2+ {[%clk 0:01:31]} 59. Kh3
{[%clk 0:02:22]} Ra3+ {[%clk 0:01:28]} 60. Kg4 {[%clk 0:02:43]} Rg3+
{[%clk 0:01:17]} 61. Kh5 {[%clk 0:03:11]} Rh3+ {[%clk 0:01:09]} 62. Kg4
{[%clk 0:03:40]} Rh4+ {[%clk 0:01:20]} 63. Kf3 {[%clk 0:04:09]} Bd2
{[%clk 0:01:14]} 64. Rd1 {[%clk 0:03:37]} Bg5 {[%clk 0:00:52]} 65. Rd7+
{[%clk 0:03:38]} Kg6 {[%clk 0:01:17]} 66. Rd6 {[%clk 0:04:02]} Rh3+
{[%clk 0:01:24]} 67. Kg4 {[%clk 0:04:04]} Rh4+ {[%clk 0:01:41]} 68. Kf3
{[%clk 0:04:32]} h5 {[%clk 0:02:14]} 69. Rxb6 {[%clk 0:05:09]} Rh3+
{[%clk 0:02:15]} 70. Kg2 {[%clk 0:04:43]} Ra3 {[%clk 0:01:55]} 71. Rxe5
{[%clk 0:04:42]} Rxa4 {[%clk 0:01:34]} 72. Rc6 {[%clk 0:04:38]} Ra2+
{[%clk 0:01:24]} 73. Kh1 {[%clk 0:04:19]} Re2 {[%clk 0:00:44]} 74. Rexc5
{[%clk 0:02:48]} Rxe4 {[%clk 0:01:08]} 75. Rc4 {[%clk 0:02:51]} Re3
{[%clk 0:01:21]} 76. Rc3 {[%clk 0:02:58]} Re1+ {[%clk 0:01:28]} 77. Kg2
{[%clk 0:03:24]} h4 {[%clk 0:01:36]} 78. Rf3 {[%clk 0:03:23]} Re4
{[%clk 0:0

[Event "22nd Abu Dhabi Int. Chess Festival  Masters Tourna"]
[Site "Abu Dhabi"]
[Date "2015.08.30"]
[Round "8"]
[Board "14"]
[White "Nevednichy, Vladislav"]
[Black "Kovchan, Alexander"]
[Result "1-0"]
[WhiteElo "2549"]
[BlackElo "2605"]
[PlyCount "0"]
[EventDate "2015.08.23"]
[EventRounds "9"]
[EventCountry "UAE"]

1. e4 d5 2. exd5 Qxd5 3. Nc3 Qd6 4. d4 Nf6 5. Nf3 g6 6. Nb5 Qb6 7. Bd3 c6 8. Na3
Bg7 9. O-O O-O 10. c3 Nbd7 11. Re1 Re8 12. h3 a6 13. Nc4 Qc7 14. Nce5 Nxe5 15.
dxe5 Nd5 16. Qa4 Qd8 17. Qh4 Nc7 18. Bc2 Ne6 19. Bh6 Nf8 20. Rad1 Qb6 21. Bc1 Be6
22. c4 Rad8 23. b3 Rxd1 24. Rxd1 Qa5 25. Qd4 Qxa2 26. Qc3 b5 27. Be3 b4 28. Qd2
Qa5 29. Qd4 Qc7 30. Ra1 Ra8 31. Re1 Nd7 32. Qh4 Bxe5 33. Qxe7 Bd6 34. Qh4 Nf8 35.
Bd4 c5 36. Bf6 h5 37. Ng5 Re8 38. g3 Be7 39. Nxe6 fxe6 40. Bxg6 Nxg6 41. Qxh5
Bxf6 42. Qxg6+ Kf8 43. Qxf6+ Qf7 44. Qe5 Qe7 45. Re4 Rd8 46. Rf4+ Ke8 47. Qh5+
 1-0

[Event "22nd Abu Dhabi Int. Chess Festival  Masters Tourna"]
[Site "Abu Dhabi"]
[Date "2015.08.30"]
[Round "8"]
[Board "15"]
[White "Harika, Dronavalli"]
[Black "Papp, Gabor"]
[Result "1/2-1/2"]
[WhiteElo "2509"]
[BlackElo "2601"]
[PlyCount "0"]
[EventDate "2015.08.23"]
[EventRounds "9"]
[EventCountry "UAE"]

1. d4 {[%clk 1:28:34]} Nf6 {[%clk 1:30:56]} 2. c4 {[%clk 1:28:58]} e6
{[%clk 1:31:21]} 3. Nc3 {[%clk 1:29:24]} Bb4 {[%clk 1:31:46]} 4. Qc2
{[%clk 1:29:45]} d5 {[%clk 1:32:01]} 5. a3 {[%clk 1:30:04]} Bxc3+
{[%clk 1:32:07]} 6. Qxc3 {[%clk 1:30:31]} O-O {[%clk 1:32:31]} 7. Nf3
{[%clk 1:29:57]} dxc4 {[%clk 1:32:56]} 8. Qxc4 {[%clk 1:30:00]} b6
{[%clk 1:33:20]} 9. Bg5 {[%clk 1:29:34]} Bb7 {[%clk 1:32:33]} 10. Rc1
{[%clk 1:27:24]} c5 {[%clk 1:31:35]} 11. dxc5 {[%clk 1:26:12]} h6
{[%clk 1:29:37]} 12. Bxf6 {[%clk 1:24:05]} Qxf6 {[%clk 1:29:18]} 13. Qd4
{[%clk 1:24:06]} Rc8 {[%clk 1:27:52]} 14. Qxf6 {[%clk 1:24:19]} gxf6
{[%clk 1:28:17]} 15. e3 {[%clk 1:01:51]} Nd7 {[%clk 1:23:20]} 16. c6
{[%clk 1:02:08]} Bxc6 {[%clk 1:22:17]} 17. Nd4 {[%clk 0:56:23]} Bd5
{[%clk 1:05:55]} 18. Rd1 {[%clk 0:48:39]} Nc5 {[%clk 1:04:59]} 19. b4
{[%clk 0:40:50]} Na4 {[%clk 1:00:27]} 20. Ba6 {[%clk 0:40:43]} Rc3
{[%clk 0:53:45]} 21. O-O {[%clk 0:40:43]} Rxa3 {[%clk 0:48:20]} 22. Ra1
{[%clk 0:40:36]} Rxa1 {[%clk 0:46:08]} 23. Rxa1 {[%clk 0:40:33]} Nc3
{[%clk 0:43:30]} 24. Ra3 {[%clk 0:33:44]} Ne4 {[%clk 0:42:09]} 25. f3
{[%clk 0:34:08]} Nd6 {[%clk 0:41:53]} 26. Ra1 {[%clk 0:25:58]} Bc4
{[%clk 0:29:51]} 27. e4 {[%clk 0:25:44]} Bxa6 {[%clk 0:24:51]} 28. Rxa6
{[%clk 0:26:13]} Rc8 {[%clk 0:22:22]} 29. Rxa7 {[%clk 0:25:39]} Rc4
{[%clk 0:22:48]} 30. Ne2 {[%clk 0:25:28]} Rxb4 {[%clk 0:23:12]} 31. Nf4
{[%clk 0:24:42]} Rb1+ {[%clk 0:21:16]} 32. Kf2 {[%clk 0:25:11]} Rb2+
{[%clk 0:20:25]} 33. Kg3 {[%clk 0:24:27]} f5 {[%clk 0:18:19]} 34. Rd7
{[%clk 0:17:19]} Rd2 {[%clk 0:17:29]} 35. Nd5 {[%clk 0:17:20]} fxe4
{[%clk 0:10:59]} 36. Rxd6 {[%clk 0:17:45]} Rxd5 {[%clk 0:11:01]} 37. Rxb6
{[%clk 0:18:12]} Rg5+ {[%clk 0:11:17]} 38. Kh3 {[%clk 0:17:54]} exf3
{[%clk 0:10:29]} 39. gxf3 {[%clk 0:18:22]} Kg7 {[%clk 0:10:29]} 40. Rb7
{[%clk 0:15:33]} Kg6 {[%clk 0:10:15]} 41. Re7 {[%clk 0:14:58]} e5
{[%clk 0:09:30]} 42. Ra7 {[%clk 0:15:18]} f6 {[%clk 0:09:47]} 43. Ra6
{[%clk 0:15:06]} Kf5 {[%clk 0:10:07]} 44. Rb6 {[%clk 0:13:31]} Rg1
{[%clk 0:10:31]} 45. Rb4 {[%clk 0:12:36]} Kg5 {[%clk 0:10:37]} 46. Rh4
{[%clk 0:09:00]} f5 {[%clk 0:09:03]} 47. f4+ {[%clk 0:06:18]} exf4
{[%clk 0:08:46]} 48. Rh5+ {[%clk 0:06:47]} Kg6 {[%clk 0:08:21]} 49. Rh4
{[%clk 0:07:16]} f3 {[%clk 0:04:48]} 50. Rf4 {[%clk 0:07:44]} Rf1
{[%clk 0:05:12]} 51. Kg3 {[%clk 0:08:04]} Kf6 {[%clk 0:05:33]} 52. Ra4
{[%clk 0:06:38]} f2 {[%clk 0:04:28]} 53. Ra2 {[%clk 0:05:49]} Kg5
{[%clk 0:03:38]} 54. Kg2 {[%clk 0:05:36]} Rb1 {[%clk 0:03:53]} 55. Rxf2
{[%clk 0:05:48]} f4 {[%clk 0:04:10]} 56. Ra2 {[%clk 0:05:22]} Rb3
{[%clk 0:04:23]} 57. Ra8 {[%clk 0:04:44]} Rb2+ {[%clk 0:04:48]} 58. Kf3
{[%clk 0:04:17]} Rb3+ {[%clk 0:04:38]} 59. Kg2 {[%clk 0:04:42]} h5
{[%clk 0:04:51]} 60. Rg8+ {[%clk 0:04:18]} Kh4 {[%clk 0:05:00]} 61. Rf8
{[%clk 0:04:07]} Rb2+ {[%clk 0:04:41]} 62. Kf3 {[%clk 0:04:34]} Kh3 63. Rxf4
{[%clk 0:03:58]} h4 {[%clk 0:05:26]} 64. Ra4 {[%clk 0:04:09]} Rxh2
{[%clk 0:05:50]} 65. Ra1 {[%clk 0:04:15]} Rd2 {[%clk 0:06:00]} 66. Rh1+
{[%clk 0:04:38]} Rh2 {[%clk 0:06:27]} 67. Ra1 {[%clk 0:05:03]} Rd2
{[%clk 0:06:55]} 68. Rh1+ {[%clk 0:05:30]} Rh2 {[%clk 0:01:41]} 69. Ke4 1/2-1/2

[Event "22nd Abu Dhabi Int. Chess Festival  Masters Tourna"]
[Site "Abu Dhabi"]
[Date "2015.08.30"]
[Round "8"]
[Board "19"]
[White "Visakh, N R"]
[Black "Romanov, Evgeny"]
[Result "0-1"]
[WhiteElo "2411"]
[BlackElo "2586"]
[PlyCount "0"]
[EventDate "2015.08.23"]
[EventRounds "9"]
[EventCountry "UAE"]

1. d4 {[%clk 1:30:51]} Nf6 {[%clk 1:30:51]} 2. c4 {[%clk 1:31:17]} e6
{[%clk 1:31:15]} 3. Nf3 {[%clk 1:31:43]} b6 {[%clk 1:31:40]} 4. g3
{[%clk 1:32:09]} Ba6 {[%clk 1:32:03]} 5. b3 {[%clk 1:32:35]} Bb7 {[%clk 1:32:24]}
6. Bg2 {[%clk 1:32:50]} Bb4+ {[%clk 1:32:46]} 7. Bd2 {[%clk 1:32:21]} a5
{[%clk 1:33:09]} 8. a3 {[%clk 1:31:17]} Be7 {[%clk 1:33:30]} 9. Nc3
{[%clk 1:26:52]} d5 {[%clk 1:33:25]} 10. O-O {[%clk 1:23:58]} O-O
{[%clk 1:33:48]} 11. Bf4 {[%clk 1:16:16]} Nbd7 {[%clk 1:33:25]} 12. Ne5
{[%clk 1:15:58]} Re8 {[%clk 1:27:02]} 13. Qc2 {[%clk 1:11:51]} Nf8
{[%clk 1:25:40]} 14. Rfd1 {[%clk 1:10:13]} Rc8 {[%clk 1:18:42]} 15. Nb5
{[%clk 1:06:02]} c5 {[%clk 1:06:44]} 16. Na7 {[%clk 0:59:57]} Rc7
{[%clk 1:06:59]} 17. dxc5 {[%clk 0:49:55]} bxc5 {[%clk 1:04:03]} 18. cxd5
{[%clk 0:36:01]} exd5 {[%clk 1:04:03]} 19. Nd3 {[%clk 0:31:11]} Ba6
{[%clk 0:58:19]} 20. Bxc7 {[%clk 0:28:46]} Qxc7 {[%clk 0:58:47]} 21. Nf4
{[%clk 0:27:39]} Qxa7 {[%clk 0:58:45]} 22. Nxd5 {[%clk 0:26:22]} Nxd5
{[%clk 0:56:51]} 23. Bxd5 {[%clk 0:26:47]} a4 {[%clk 0:54:15]} 24. Rac1
{[%clk 0:18:55]} axb3 {[%clk 0:52:21]} 25. Qxb3 {[%clk 0:18:53]} Bf6
{[%clk 0:50:44]} 26. Qa4 {[%clk 0:16:34]} Re7 {[%clk 0:49:58]} 27. e3
{[%clk 0:16:44]} h6 {[%clk 0:41:46]} 28. Bc4 {[%clk 0:08:59]} Bc8
{[%clk 0:38:54]} 29. Qxa7 {[%clk 0:08:46]} Rxa7 {[%clk 0:39:22]} 30. Bb5
{[%clk 0:07:41]} Bg4 {[%clk 0:39:16]} 31. Re1 {[%clk 0:07:09]} Ne6
{[%clk 0:36:57]} 32. a4 {[%clk 0:07:24]} Ng5 {[%clk 0:36:15]} 33. Be2
{[%clk 0:07:04]} Nf3+ {[%clk 0:30:16]} 34. Bxf3 {[%clk 0:07:33]} Bxf3
{[%clk 0:30:39]} 35. Rxc5 {[%clk 0:08:01]} Rxa4 {[%clk 0:31:00]} 36. Rec1
{[%clk 0:07:48]} Bb2 {[%clk 0:30:01]} 37. R5c4 {[%clk 0:07:16]} Ra6
{[%clk 0:29:08]} 38. Rb1 {[%clk 0:07:41]} g5 {[%clk 0:28:52]} 39. Rb4
{[%clk 0:07:46]} Be5 {[%clk 0:25:39]} 40. Rb5 {[%clk 0:07:45]} f6
{[%clk 0:25:21]} 41. R5b4 {[%clk 0:08:03]} Kg7 {[%clk 0:24:42]} 42. Rc4
{[%clk 0:08:24]} Kg6 {[%clk 0:24:52]} 43. Rbc1 {[%clk 0:08:45]} Kf5
{[%clk 0:23:40]} 44. Rb4 {[%clk 0:08:37]} h5 {[%clk 0:22:58]} 45. h4
{[%clk 0:07:31]} Ra2 {[%clk 0:21:55]} 46. Rbc4 {[%clk 0:07:40]} Be4
{[%clk 0:20:52]} 47. hxg5 {[%clk 0:06:44]} fxg5 {[%clk 0:21:11]} 48. Rc5
{[%clk 0:07:06]} Bf3 {[%clk 0:19:27]} 49. R5c4 {[%clk 0:06:21]} Ra7
{[%clk 0:19:02]} 50. Rb4 {[%clk 0:05:56]} Ra6 {[%clk 0:12:03]} 51. Kf1
{[%clk 0:06:06]} Rd6 {[%clk 0:07:35]} 52. Kg1 {[%clk 0:06:16]} Rd5
{[%clk 0:05:16]} 53. Rbc4 {[%clk 0:04:41]} Rb5 {[%clk 0:04:55]} 54. Ra4
{[%clk 0:04:56]} Rb2 {[%clk 0:05:08]} 55. Rac4 {[%clk 0:04:40]} Rb6
{[%clk 0:04:49]} 56. Ra4 {[%clk 0:04:51]} Rb7 {[%clk 0:04:13]} 57. Kf1
{[%clk 0:04:50]} Be4 {[%clk 0:03:47]} 58. Kg1 {[%clk 0:04:33]} g4
{[%clk 0:03:36]} 59. Ra5 {[%clk 0:04:40]} Bf3 {[%clk 0:03:32]} 60. Kf1
{[%clk 0:04:59]} Ke4 {[%clk 0:03:21]} 61. Kg1 {[%clk 0:03:51]} Bb2
{[%clk 0:03:27]} 62. Rb1 {[%clk 0:03:41]} Kd3 {[%clk 0:03:28]} 63. Rxh5
{[%clk 0:02:58]} Kc2 {[%clk 0:03:56]} 64. Rf1 {[%clk 0:03:17]} Bc3
{[%clk 0:04:12]} 65. Rh4 {[%clk 0:03:21]} Kd2 {[%clk 0:03:31]} 66. Rh5
{[%clk 0:03:19]} Ke2 {[%clk 0:03:34]} 67. Rh4 {[%clk 0:03:32]} Be1
{[%clk 0:03:43]} 68. Rh2 {[%clk 0:03:07]} Rb1 {[%clk 0:03:42]} 69. e4
{[%clk 0:03:01]} Rb5 {[%clk 0:03:37]} 70. e5 {[%clk 0:02:57]} Rxe5
{[%clk 0:03:51]} 71. Rh8 {[%clk 0:03:21]} Re7 {[%clk 0:03:08]} 72. Rh4
{[%clk 0:01:46]} Kd2 {[%clk 0:03:07]} 73. Rh2 {[%clk 0:01:45]} Rd7
{[%clk 0:02:57]} 74. Rh5 {[%clk 0:00:57]} Be2 {[%clk 0:03:12]} 75. Re5
{[%clk 0:01:02]} Kd1 {[%clk 0:02:51]} 76. Re4 {[%clk 0:00:54]} Rd2
{[%clk 0:03:03]} 77. Rf4 {[%clk 0:01:14]} Bxf1 {[%clk 0:01:25]} 78. Kxf1
{[%clk 0:01:35]} Rxf2+ {[%clk 0:01:35]} 79. Kg1 {[%clk 0:01:

[Event "22nd Abu Dhabi Int. Chess Festival  Masters Tourna"]
[Site "Abu Dhabi"]
[Date "2015.08.30"]
[Round "8"]
[Board "20"]
[White "Sandipan, Chanda"]
[Black "Padmini, Rout"]
[Result "1-0"]
[WhiteElo "2585"]
[BlackElo "2444"]
[PlyCount "0"]
[EventDate "2015.08.23"]
[EventRounds "9"]
[EventCountry "UAE"]

1. Nf3 {[%clk 1:30:56]} Nf6 {[%clk 1:25:36]} 2. g3 {[%clk 1:31:14]} g6
{[%clk 1:25:39]} 3. Bg2 {[%clk 1:31:36]} d5 {[%clk 1:24:32]} 4. O-O
{[%clk 1:31:35]} Bg7 {[%clk 1:24:57]} 5. d4 {[%clk 1:31:57]} O-O {[%clk 1:25:09]}
6. c3 {[%clk 1:32:18]} c5 7. dxc5 {[%clk 1:32:05]} a5 {[%clk 1:20:42]} 8. c4
{[%clk 1:25:25]} dxc4 {[%clk 1:05:15]} 9. Ne5 {[%clk 1:19:29]} Qc7
{[%clk 1:02:58]} 10. Nxc4 {[%clk 1:19:10]} Qxc5 {[%clk 1:03:12]} 11. Nba3
{[%clk 1:10:35]} Nc6 {[%clk 1:00:37]} 12. Be3 {[%clk 1:10:08]} Qh5
{[%clk 0:59:36]} 13. f3 {[%clk 1:10:10]} Be6 {[%clk 0:50:44]} 14. g4
{[%clk 1:05:53]} Bxg4 {[%clk 0:29:40]} 15. fxg4 {[%clk 1:05:37]} Nxg4
{[%clk 0:29:56]} 16. Bf4 {[%clk 1:03:59]} Rad8 {[%clk 0:27:00]} 17. Qe1
{[%clk 1:02:40]} b5 {[%clk 0:23:55]} 18. Ne3 {[%clk 0:46:34]} e5 {[%clk 0:15:10]}
19. Nxg4 {[%clk 0:38:51]} exf4 {[%clk 0:15:22]} 20. Rxf4 {[%clk 0:30:41]} f5
{[%clk 0:12:27]} 21. Ne3 {[%clk 0:28:50]} Nd4 {[%clk 0:10:34]} 22. Kh1
{[%clk 0:22:57]} Rfe8 {[%clk 0:04:18]} 23. Nac2 {[%clk 0:19:44]} Nxc2
{[%clk 0:03:10]} 24. Nxc2 {[%clk 0:20:13]} Rxe2 {[%clk 0:01:48]} 25. Qxa5
{[%clk 0:20:41]} Rc8 {[%clk 0:00:31]} 26. Nd4 {[%clk 0:05:31]} Bxd4
{[%clk 0:00:42]} 27. Rxd4 {[%clk 0:04:16]} Qg5 {[%clk 0:00:39]} 28. Bd5+
{[%clk 0:01:28]} Kh8 {[%clk 0:00:59]} 29. Rf1 {[%clk 0:00:34]} Rcc2
{[%clk 0:00:40]} 30. Qa8+ {[%clk 0:00:37]} Kg7 {[%clk 0:00:49]} 31. Qg8+
{[%clk 0:00:56]} Kf6 {[%clk 0:00:59]} 32. Qd8+ {[%clk 0:00:56]} Re7
{[%clk 0:01:21]} 33. Qh8+ {[%clk 0:01:17]} 1-0

[Event "22nd Abu Dhabi Int. Chess Festival  Masters Tourna"]
[Site "Abu Dhabi"]
[Date "2015.08.30"]
[Round "8"]
[Board "23"]
[White "Antonio, Viani D'cunha"]
[Black "Pakleza, Zbigniew"]
[Result "0-1"]
[WhiteElo "2255"]
[BlackElo "2520"]
[PlyCount "0"]
[EventDate "2015.08.23"]
[EventRounds "9"]
[EventCountry "UAE"]

1. e4 {[%clk 1:29:37]} d6 {[%clk 1:30:43]} 2. d4 {[%clk 1:29:57]} Nf6
{[%clk 1:31:09]} 3. Nc3 {[%clk 1:30:16]} e5 {[%clk 1:31:33]} 4. Nf3
{[%clk 1:29:20]} Nbd7 {[%clk 1:31:55]} 5. Bc4 {[%clk 1:29:08]} Be7
{[%clk 1:32:23]} 6. O-O {[%clk 1:28:57]} O-O {[%clk 1:32:50]} 7. a4
{[%clk 1:24:14]} a5 {[%clk 1:33:05]} 8. h3 {[%clk 1:20:34]} c6 {[%clk 1:32:56]}
9. Re1 {[%clk 1:13:10]} h6 {[%clk 1:30:39]} 10. Be3 {[%clk 1:07:42]} Re8
{[%clk 1:24:49]} 11. Qd2 {[%clk 1:03:16]} Bf8 {[%clk 1:18:57]} 12. Rad1 Qc7 13.
Nh4 {[%clk 0:47:54]} Nb6 {[%clk 1:11:57]} 14. Bb3 {[%clk 0:45:19]} Be6
{[%clk 1:09:48]} 15. Bxe6 {[%clk 0:43:30]} fxe6 16. Ng6 {[%clk 0:33:19]} Nc4
{[%clk 1:06:37]} 17. Qe2 {[%clk 0:33:39]} Nxe3 {[%clk 1:06:56]} 18. Qxe3 exd4
{[%clk 1:03:18]} 19. Qxd4 {[%clk 0:34:20]} d5 {[%clk 1:03:14]} 20. e5
{[%clk 0:28:52]} Nd7 {[%clk 0:34:01]} 21. Rd3 {[%clk 0:20:13]} Qb6
{[%clk 0:34:01]} 22. Qg4 {[%clk 0:20:13]} Qb4 {[%clk 0:31:43]} 23. Nf4 Re7
{[%clk 0:27:06]} 24. Rf3 {[%clk 0:16:41]} Rae8 {[%clk 0:17:38]} 25. Qh5
{[%clk 0:15:53]} Qxb2 {[%clk 0:16:03]} 26. Ng6 {[%clk 0:04:24]} Qxc2
{[%clk 0:16:26]} 27. Nxe7+ {[%clk 0:04:22]} Rxe7 {[%clk 0:16:54]} 28. Qg4
{[%clk 0:03:43]} Re8 {[%clk 0:10:33]} 29. Qf4 {[%clk 0:01:31]} Qg6
{[%clk 0:10:05]} 30. Ne2 {[%clk 0:01:31]} Bb4 {[%clk 0:10:11]} 31. Rg3
{[%clk 0:01:07]} Qf7 {[%clk 0:08:38]} 32. Rd1 {[%clk 0:01:27]} Qh5
{[%clk 0:07:34]} 33. Rg4 {[%clk 0:01:02]} Rf8 {[%clk 0:07:29]} 34. Ng3
{[%clk 0:00:56]} Rxf4 {[%clk 0:05:25]} 35. Rxg7+ {[%clk 0:01:23]} Kxg7
{[%clk 0:05:28]} 36. Nxh5+ {[%clk 0:01:51]} Kf7 {[%clk 0:05:54]} 37. Nxf4
{[%clk 0:02:13]} Nxe5 {[%clk 0:06:19]} 38. g4 {[%clk 0:02:14]} c5
{[%clk 0:06:03]} 39. Kf1 {[%clk 0:01:39]} c4 {[%clk 0:06:03]} 40. Ke2
{[%clk 0:01:55]} Bc5 {[%clk 0:05:32]} 41. Nxd5 {[%clk 0:02:00]} exd5
{[%clk 0:05:32]} 42. Rxd5 {[%clk 0:02:00]} Nd3 {[%clk 0:05:59]} 43. Rd7+
{[%clk 0:02:30]} Kf6 {[%clk 0:05:09]} 44. Rxb7 {[%clk 0:02:51]} Nf4+
{[%clk 0:05:28]} 45. Ke3 {[%clk 0:02:50]} Bb4 {[%clk 0:05:32]} 46. h4
{[%clk 0:02:50]} Ke5 47. Rb8 {[%clk 0:01:40]} Nd5+ {[%clk 0:05:52]} 48. Ke2
{[%clk 0:02:00]} Kd4 {[%clk 0:05:07]} 49. Kd1 {[%clk 0:01:31]} Kc3
{[%clk 0:04:03]} 50. Rc8 {[%clk 0:01:47]} Kb2 {[%clk 0:03:44]} 51. Kd2
{[%clk 0:01:01]} Nc3 {[%clk 0:04:09]} 52. Ke2 {[%clk 0:01:27]} Nxa4
{[%clk 0:04:29]} 53. Rxc4 0-1